00950 2200349 4500001002100000005001500021035002000036007000300056040001700059100002500076245003700101250001000138300004000148504002900188020001800217041000800235082001000243084001600253090002300269264003500292336002100327337003000348338002300378650001400401700004800415850001000463008004100473990002100514990002100535990002100556990002300577INLIS00000000000957020260417085453 a0010-1222000175ta aSBPUPADbind0 aDaryanto;ePengarang1 aReparasi Casis Mobil /cDaryanto aCet.1 axii, 177 hlm. :bilus ;c20 x 14 cm aBibliografi, hlm 176-177 a979-518-885-207aind a620.3 a620.3 DAR r a620.3 DAR r L 20-5 aJakarta :bRineka Cipta,c2004 2rdacontentateks 2rdamediaatanpa perantara 2rdacarrieravolume 4aOtomotif,0 aPenerbit ke-2, PT Bina AdiaksaraePengarang aPUPAD260417 0  a21972/BR/KAPD/15 a21973/BR/KAPD/15 a21970/BR/KAPD/15 a21971/BR/KAPD/2019